LIBRARY ONLINE CATALOGUE

The Dream giver / (Record no. 3150)

MARC details
000 -LEADER
fixed length control field 00560nam a22001932 4500
001 - CONTROL NUMBER
control field 0000007069
005 - DATE AND TIME OF LATEST TRANSACTION
control field 20151217145834.0
008 - FIXED-LENGTH DATA ELEMENTS--GENERAL INFORMATION
fixed length control field 071110s xx 000 0 eng d
020 ## - INTERNATIONAL STANDARD BOOK NUMBER
International Standard Book Number 996680594x :
Terms of availability KES 690
040 ## - CATALOGING SOURCE
Original cataloging agency KABU
Transcribing agency KABU
100 1# - MAIN ENTRY--PERSONAL NAME
Personal name Wilkinson, Bruce.
-- 0000149193
245 14 - TITLE STATEMENT
Title The Dream giver /
Statement of responsibility, etc. Bruce Wilkinson.
260 ## - PUBLICATION, DISTRIBUTION, ETC. (IMPRINT)
Place of publication, distribution, etc. Nairobi :
Name of publisher, distributor, etc. WordAlive,
Date of publication, distribution, etc. 2003.
300 ## - PHYSICAL DESCRIPTION
Extent 157 p.
650 #0 - SUBJECT ADDED ENTRY--TOPICAL TERM
Topical term or geographic name as entry element Success
General subdivision Religious aspects
-- Christianity.
-- 0000149264
908 ## - PUT COMMAND PARAMETER (RLIN)
Put command parameter 071110
950 ## - LOCAL HOLDINGS (RLIN)
-- 1
Holdings
Withdrawn status Lost status Source of classification or shelving scheme Not for loan Home library Current library Date acquired Total Checkouts Full call number Barcode Date last seen Price effective from Koha item type Total Renewals Date last checked out
    Library of Congress Classification   Kabarak, Main Campus Kabarak, Main Campus 17/12/2015   BV4598.3 .W55 011003 17/12/2015 17/12/2015 General Collection    
    Library of Congress Classification   Kabarak, Main Campus Kabarak, Main Campus 17/12/2015 1 BV4598.3 .W55 011002 01/04/2025 17/12/2015 General Collection 1 11/03/2025